00880nam a22002657a 45000010005000000030006000050050017000110080041000280200018000690400029000870500014001160820010001301000032001402450063001722500035002352600040002703000045003105050007003555200140003625210019005025210018005216500019005396500024005587000032005825162FISKH20250331092604.0241108b cb ||||| |||| 00| 0 eng d a9780753458228 aFISKHbengcFISKHdFISKH aPZ7.W6957 a428.4 aWilson, Jacquelined(1945-) aMr. cool /cJacqueline Wilson Illustrated by Stephen Lewis aThis edition published in 2004 aMassachusetts :bKingfisher,c2004. a47 pages :bColor illustrations ;c23 cm aJ  aFour boys form a rock band called "Mr. Cool" that is very successful despite the fact that one of the boys is not really all that cool.8 a430L bLexile 8 aJ bRaz-Plus  2StoriesaHECHO 2I Am ReadingaNovel aLewis, StephendIllustrator